Spotlight on Scotland's prime residential property market (Record no. 112274)

MARC details
000 -LEADER
fixed length control field 00888cad a22001935a 4500
001 - CONTROL NUMBER
control field E152932
008 - FIXED-LENGTH DATA ELEMENTS--GENERAL INFORMATION
fixed length control field 120619s2011 xxk d f 000 0 eng d
035 ## - SYSTEM CONTROL NUMBER
System control number (Sirsi) u152932
041 0# - LANGUAGE CODE
Language code of text/sound track or separate title eng
050 04 - LIBRARY OF CONGRESS CALL NUMBER
Classification number 333.3309411 $2 18
110 2# - MAIN ENTRY--CORPORATE NAME
Corporate name or jurisdiction name as entry element Savills Research
9 (RLIN) 5211
245 00 - TITLE STATEMENT
Title Spotlight on Scotland's prime residential property market
Remainder of title Spring 2011
Medium [electronic resource]
260 ## - PUBLICATION, DISTRIBUTION, ETC.
Place of publication, distribution, etc. London
Name of publisher, distributor, etc. Savills Research
Date of publication, distribution, etc. 2011
520 ## - SUMMARY, ETC.
Summary, etc. Suggests that the value of transactions of prime residential property in Scotland rose by 40% last year, compared with 11% in the mainstream market.
651 #4 - SUBJECT ADDED ENTRY--GEOGRAPHIC NAME
Geographic name Scotland
Chronological subdivision 1999-
690 ## - LOCAL SUBJECT ADDED ENTRY--TOPICAL TERM (OCLC, RLIN)
Topical term or geographic name as entry element PROPERTY-RESIDENTIAL PROPERTY-RESIDENTIAL PROPERTY MARKET
856 40 - ELECTRONIC LOCATION AND ACCESS
Uniform Resource Identifier <a href="https://pdf.euro.savills.co.uk/uk/spotlight-on/spotlight-on-scotland-s-prime-residential-property-market.pdf">https://pdf.euro.savills.co.uk/uk/spotlight-on/spotlight-on-scotland-s-prime-residential-property-market.pdf</a>
Public note View the report after free registration at www.savills.co.uk
942 ## - ADDED ENTRY ELEMENTS (KOHA)
Suppress in OPAC 0
Holdings
Withdrawn status Lost status Source of classification or shelving scheme Damaged status Not for loan Home library Current library Shelving location Date acquired Total Checkouts Full call number Barcode Date last seen Copy number Price effective from Koha item type
    Dewey Decimal Classification     Virtual Virtual Online 17/05/2011   ONLINE PUBLICATION 152932-1001 06/08/2019 1 06/08/2019 Book